zwierzęta po hiszpańsku - Statystyki

Ogólne statystyki
  • Ten quiz został rozwiązany 8 razy
  • Średni wynik to 8 z 15
Statystyki odpowiedzi
Hint Odpowiedź % Poprawnych
kot gato
88%
pies perro
88%
osioł burro
75%
żółw tortuga
75%
krowa vaca
75%
byk toro
63%
koń caballo
50%
świnia cerdo
50%
koza cabra
38%
kura gallina
38%
owca oveja
38%
ptak pájaro
38%
zając conejo
25%
szczur rata
25%
mysz ratón
25%
Nie znaleziono quizów pasujących do podanych kryteriów
Rozkład punktacji
Procent ludzi z każdym wynikiem
Percentyl według liczby udzielonych odpowiedzi
Twoja historia wyników
Nie rozwiązałeś tego quizu